|
|
|
|
| LEADER |
01873cas a2200385 a 4500 |
| 001 |
c000281913 |
| 003 |
CARM |
| 005 |
20080523084017.0 |
| 008 |
911120c19uu9999cc uu p 0 a0eng d |
| 019 |
1 |
|
|a 8530089
|5 LACONCORD2021
|
| 022 |
|
|
|a 1002-0705
|
| 035 |
|
|
|a (OCoLC)23068388
|5 LACONCORD2021
|
| 040 |
|
|
|a AMG
|b eng
|c AMG
|d AMG
|
| 043 |
|
|
|a a-cc---
|
| 245 |
0 |
0 |
|a Journal of China University of Geosciences.
|
| 260 |
|
|
|a [Wuhan] :
|b China University of Geosciences.
|
| 300 |
|
|
|a v. :
|b ill. ;
|c 29 cm.
|
| 362 |
1 |
|
|a Began with vol. 1, no. 1.
|
| 500 |
|
|
|a Description based on: vol. 2, no. 1 (Oct. 1991).
|
| 650 |
|
0 |
|a Earth sciences
|z China
|v Periodicals.
|
| 650 |
|
0 |
|a Earth sciences
|v Periodicals.
|
| 710 |
2 |
|
|a Zhongguo di zhi da xue.
|
| 852 |
8 |
|
|b CARM
|h A3:AR03C5
|i F03719
|p 0491101
|f SE
|
| 852 |
8 |
|
|b CARM
|h A3:AR03C5
|i F03719
|p 0491102
|f SE
|
| 852 |
8 |
|
|b CARM
|h A1:AR11C0
|i F03964
|p 0464814
|f SE
|
| 852 |
8 |
|
|b CARM
|h A1:AR11C0
|i F03964
|p 0464815
|f SE
|
| 852 |
8 |
|
|b CARM
|h A1:AR11C0
|i F03964
|p 0464816
|f SE
|
| 866 |
|
0 |
|a 7:1(1996)-12:4(2001:12) Inc.
|
| 866 |
|
0 |
|a 7:1(1996)-12:4(2001:12) Inc.
|
| 999 |
f |
f |
|i bb572497-f03a-5be1-87b7-eebf1bf1e71d
|s c8e450dc-63d6-592c-b9bc-d7fe4506d6c4
|
| 952 |
f |
f |
|p Can circulate
|a CAVAL
|b CAVAL
|c CAVAL
|d CARM 1 Store
|e F03964
|f A1:AR11C0
|h Other scheme
|i book
|k 10:1(1999:03)-10:4(1999:12)
|m 0464816
|
| 952 |
f |
f |
|p Can circulate
|a CAVAL
|b CAVAL
|c CAVAL
|d CARM 1 Store
|e F03964
|f A1:AR11C0
|h Other scheme
|i book
|k 7:1(1996)-7:2(1996)
|m 0464815
|
| 952 |
f |
f |
|p Can circulate
|a CAVAL
|b CAVAL
|c CAVAL
|d CARM 1 Store
|e F03964
|f A1:AR11C0
|h Other scheme
|i book
|k 8:1(1997)-8:2(1997)
|m 0464814
|
| 952 |
f |
f |
|p Can circulate
|a CAVAL
|b CAVAL
|c CAVAL
|d CARM 1 Store
|e F03719
|f A3:AR03C5
|h Other scheme
|i book
|k 11:1(2000:03)-12:2(2001:06); 12:4(2001:12)
|m 0491101
|
| 952 |
f |
f |
|p Can circulate
|a CAVAL
|b CAVAL
|c CAVAL
|d CARM 1 Store
|e F03719
|f A3:AR03C5
|h Other scheme
|i book
|k 9:1(1998:04)-9:3(1998:12)
|m 0491102
|